000 00840nam a2200217 a 4500
001 13667
003 BD-JhCC
005 20240313194142.0
008 240313b2023 nyu |||| ||a| 001 0 eng d
020 _a 9780300274912
035 _a(BD-JhCC)13667
040 _aBD-JhCC
_dBD-JhCC
041 _aenglish
082 _a338.951
_bHUA 2023
100 _aHuang,Yasheng
245 _a The rise and fall of the East :
_bHow exams, autocracy, stability, and technology brought China success, and why they might lead to its decline /
_cYasheng Huang.
260 _aNew York:
_b Yale University Press;
_c2023.
300 _a420 p, :
_bill;
_c22 cm
650 _a Bureaucracy Economic aspects China History
_xBureaucratie Aspect économique Chine Histoire
_zChina Economic policy History
_yCivil service China Examinations History
942 _2ddc
_cBK
999 _c13667
_d13667